Slave To the Rhythm (Record n. 100619)
[ formato base ]
| 000 -LEADER | |
|---|---|
| fixed length control field | 00995njm a2200289Ia 4500 |
| 001 - CONTROL NUMBER | |
| control field | 26834 |
| 003 - CONTROL NUMBER IDENTIFIER | |
| control field | IT-RoPAU |
| 005 - DATE AND TIME OF LATEST TRANSACTION | |
| control field | 20220918181131.0 |
| 008 - FIXED-LENGTH DATA ELEMENTS--GENERAL INFORMATION | |
| fixed length control field | 131025s9999 xx 000 0 und d |
| 040 ## - CATALOGING SOURCE | |
| Original cataloging agency | IT-RoPAU |
| 040 ## - CATALOGING SOURCE | |
| Transcribing agency | IT-RoPAU |
| 041 ## - LANGUAGE CODE | |
| Language code of text/sound track or separate title | INGLESE |
| 999 ## - SYSTEM CONTROL NUMBERS (KOHA) | |
| Koha Dewey Subclass [OBSOLETE] | n.d. |
| 100 ## - MAIN ENTRY--PERSONAL NAME | |
| Personal name | Jones Grace |
| 9 (RLIN) | 16982 |
| 100 ## - MAIN ENTRY--PERSONAL NAME | |
| Relator term | Autore musica |
| 9 (RLIN) | 16983 |
| 100 ## - MAIN ENTRY--PERSONAL NAME | |
| Miscellaneous information | Codice autore musica SPICS: 10054 |
| 9 (RLIN) | 16984 |
| 245 ## - TITLE STATEMENT | |
| Title | Slave To the Rhythm |
| 250 ## - EDITION STATEMENT | |
| Edition statement | 1a ed. |
| 260 ## - PUBLICATION, DISTRIBUTION, ETC. (IMPRINT) | |
| Place of publication, distribution, etc. | MILANO |
| 260 ## - PUBLICATION, DISTRIBUTION, ETC. (IMPRINT) | |
| Name of publisher, distributor, etc. | EMI ITALIANA |
| Date of publication, distribution, etc. | 1985 [1a Ed.:1985 - Ed. Lingua Orig.: 1985] |
| 300 ## - PHYSICAL DESCRIPTION | |
| Extent | DISCO |
| 500 ## - GENERAL NOTE | |
| General note | Musica pop |
| 505 ## - FORMATTED CONTENTS NOTE | |
| Formatted contents note | Jones the Rhyrhm - The Fashion Show - The Frog And The Princess - Operattack - Slave To the Rhythm - The Crossing (Ooh the Action) - Don't Cry - It's Only the Rhyrhm - Ladies & Gentleman; Miss Grace Jones |
| 650 ## - SUBJECT ADDED ENTRY--TOPICAL TERM | |
| Topical term or geographic name as entry element | POP [DISCHI] |
| Relator term | Codice MATERIA SPICS: 9950 |
| 9 (RLIN) | 1001 |
| 700 ## - ADDED ENTRY--PERSONAL NAME | |
| Personal name | Jones Grace |
| Miscellaneous information | Codice interprete SPICS: 10054 |
| Relator term | Interprete |
| 9 (RLIN) | 16985 |
| 942 ## - ADDED ENTRY ELEMENTS (KOHA) | |
| Koha item type | DISCHI |
| Source of classification or shelving scheme | Dewey Decimal Classification |
| Withdrawn status | Lost status | Damaged status | Not for loan | Home library | Current library | Date acquired | Total Checkouts | Full call number | Date last seen | Price effective from | Koha item type | Public note |
|---|---|---|---|---|---|---|---|---|---|---|---|---|
| Buone Condizioni | Not For Loan | SPICS-MEDIATECA | SPICS-MEDIATECA | 25/10/2013 | 26834 | 25/10/2013 | 25/10/2013 | DISCHI | Progr. Ins.: 6391 / N.Vol.: 1 / Copie: 1 - Copia rara: n.d. / date import: 01.01.2014 - By Epidotti, Trombetti, Vaglietti |